000 00883nam a2200205Ia 4500
008 0000001997 usa 0000000000eng00
090 _aPUS00 F71
245 1 0 _aFrancis, Jenkins, Mathieu
300 _a8 p.
_c/ 22 cm.
500 _aExposición realizada en Associated American Artists, Nueva York, Septiembre 25 Octubre 25, 1997 \ Con el patronazgo del maestro venezolano Jesús Rafael Soto (q.e.p.d.)
600 0 0 _aJENKINS, PAUL, 1923 /
_xTRABAJOS PICTORICOS \ MATHIEU, GEORGES, 1921 /
_xTRABAJOS PICTORICOS \ FRANCIS, SAM, 19231994/
_xTRABAJOS PICTORICOS
650 1 4 _a PINTURA ESTADOUNIDENSE
650 1 4 _aARTE CONTEMPORANEO ESTADOUNIDENSE
650 1 4 _xCATALOGOS
650 1 4 _xEXPOSICIONES
650 1 4 _aPINTORES ESTADOUNIDENSES
650 1 4 _aPINTORES FRANCESES
650 1 4 _aPINTURA FRANCESA
999 _c1350
_d1350
260 _aNew York : Associated American Artists
_c1997